| 000 | nam a22 a 4500 | ||
|---|---|---|---|
| 999 |
_c751 _d751 |
||
| 003 | AKMAL | ||
| 005 | 20170505092055.0 | ||
| 008 | 170505s2004 my | e l 000 0 may d | ||
| 020 | _a9678915448 (kkt.) | ||
| 082 | 0 | 4 |
_a343.595056 AKT _222 |
| 090 | 0 | 0 |
_a343.595056 _bAKT |
| 110 | 1 |
_aMalaysia _9400 |
|
| 245 | 1 | 0 |
_aAkta Kastam 1967 (Akta 235) & Peraturan-peraturan : _b(hingga 20hb September 2004) / _cdisusun oleh Lembaga Penyelidikan Undang-Undang |
| 260 |
_aPetaling Jaya : _bInternational Law Book Services, _c2004 |
||
| 300 |
_a197ms. ; _c24cm. |
||
| 650 | 1 | 0 |
_aTariff _xLaw and legislation _zMalaysia _920 |
| 650 | 2 | 0 |
_aCustoms administration _xLaw and legislation _zMalaysia _91623 |
| 710 | 2 |
_aLembaga Penyelidikan Undang-Undang _91624 |
|
| 942 |
_2ddc _cBOOK |
||